00331nam a2200121Ia 4500008004100000041000800041082001500049100003900064245003300103250000800136260005300144300001200197231228s2009 xx 000 0 und d aeng a338.5bTAY aTAYLOR (John B.)/ GUGNANI (Ritika) aPrinciples of Microeconomics a5th aNew DelhibWiley India Pvt. Ltd. New Delhic2009 aix, 537